|
|
|
|
| LEADER |
00000nam0a2200000 4500 |
| 001 |
210655 |
| 005 |
20231101225626.0 |
| 010 |
|
|
|a 9785394017704
|
| 035 |
|
|
|a (RuTPU)RU\TPU\book\230075
|
| 090 |
|
|
|a 210655
|
| 100 |
|
|
|a 20120229d2012 m y0rusy50 ca
|
| 101 |
0 |
|
|a rus
|
| 102 |
|
|
|a RU
|
| 105 |
|
|
|a a j 001zy
|
| 200 |
1 |
|
|a Философия
|e кредитно-модульный курс
|e учебное пособие для бакалавров
|f Е. А. Подольская
|
| 210 |
|
|
|a Москва
|c Дашков и К
|d 2012
|
| 215 |
|
|
|a 380 с.
|c ил.
|
| 320 |
|
|
|a Библиография в конце тем.
|
| 330 |
|
|
|a В учебнике с позиций нового осмысления философской мировой сокровищницы осуществляется изложение материала в соответствии с рекомендациями Министерства образования и науки РФ в рамках Болонского процесса. Предложенный кредитно-модульный вариант дает возможность в доступной и сжатой форме усвоить философские теории, концепции, идеи, которые могут стать основой развития мировоззрения современного гражданина, специалиста, а также методологическим инструментарием для студентов и аспирантов в обосновании методов и форм научного исследования онтологических, гносеологических и социальных проблем. Для студентов бакалавриата, аспирантов и всех, кто интересуется философией.
|
| 606 |
1 |
|
|a Философия
|2 stltpush
|3 (RuTPU)RU\TPU\subj\63880
|9 80812
|
| 610 |
1 |
|
|a методология
|
| 610 |
1 |
|
|a философская мысль
|
| 610 |
1 |
|
|a культурные традиции
|
| 610 |
1 |
|
|a история
|
| 610 |
1 |
|
|a древняя философия
|
| 610 |
1 |
|
|a Древний Восток
|
| 610 |
1 |
|
|a античная философия
|
| 610 |
1 |
|
|a средневековая философия
|
| 610 |
1 |
|
|a Возрождение
|
| 610 |
1 |
|
|a Новое время
|
| 610 |
1 |
|
|a немецкая классическая философия
|
| 610 |
1 |
|
|a современная философия
|
| 610 |
1 |
|
|a прагматизм
|
| 610 |
1 |
|
|a жизнь
|
| 610 |
1 |
|
|a психоанализ
|
| 610 |
1 |
|
|a персонализм
|
| 610 |
1 |
|
|a феноменология
|
| 610 |
1 |
|
|a структурализм
|
| 610 |
1 |
|
|a герменевтика
|
| 610 |
1 |
|
|a позитивизм
|
| 610 |
1 |
|
|a неотомизм
|
| 610 |
1 |
|
|a неомарксизм
|
| 610 |
1 |
|
|a русская религиозная философия
|
| 610 |
1 |
|
|a постмодернизм
|
| 610 |
1 |
|
|a онтология
|
| 610 |
1 |
|
|a гносеология
|
| 610 |
1 |
|
|a категории
|
| 610 |
1 |
|
|a сознание
|
| 610 |
1 |
|
|a познание
|
| 610 |
1 |
|
|a диалектика
|
| 610 |
1 |
|
|a научное познание
|
| 610 |
1 |
|
|a общество
|
| 610 |
1 |
|
|a общественное сознание
|
| 610 |
1 |
|
|a личность
|
| 610 |
1 |
|
|a индивид
|
| 610 |
1 |
|
|a социальная философия
|
| 610 |
1 |
|
|a тесты
|
| 610 |
1 |
|
|a учебные пособия
|
| 686 |
|
|
|a Ю0/3я73
|v LBC/SL-A
|2 rubbk
|
| 700 |
|
1 |
|a Подольская
|b Е. А.
|g Елизавета Ананьевна
|
| 801 |
|
1 |
|a RU
|b 63413507
|c 20120229
|
| 801 |
|
2 |
|a RU
|b 63413507
|c 20150611
|g RCR
|
| 900 |
|
|
|a Философия
|
| 942 |
|
|
|c BK
|
| 959 |
|
|
|a 33/20120227
|d 2
|e 347,00
|f ЧЗГЛ:1
|f АНЛ:1
|